书目信息 |
| 题名: |
落英祭
|
|
| 作者: | 徐良文 , 于扬子 著 | |
| 分册: | ||
| 出版信息: | 南京 江苏凤凰文艺出版社 2016 |
|
| 页数: | 187页 | |
| 开本: | 21cm | |
| 丛书名: | 雨花忠魂:雨花英烈系列纪实文学 | |
| 单 册: | ||
| 中图分类: | I253.8 | |
| 科图分类: | ||
| 主题词: | 纪实文学--ji shi wen xue--中国--当代 | |
| 电子资源: | ||
| ISBN: | 978-7-5399-9136-8 | |
| 000 | 01101oam2 2200277 450 | |
| 001 | 2157995303 | |
| 005 | 20211011172911.0 | |
| 010 | @a978-7-5399-9136-8@dCNY35.00 | |
| 100 | @a20191623e20192016em y0chiy50 ea | |
| 101 | 0 | @achi |
| 102 | @aCN@b320000 | |
| 105 | @ay z 000yy | |
| 106 | @ar | |
| 200 | 1 | @a落英祭@Aluo ying ji@e恽代英烈士传@f徐良文, 于扬子著 |
| 210 | @a南京@c江苏凤凰文艺出版社@d2016@h2019.8重印 | |
| 215 | @a187页@d21cm | |
| 225 | 2 | @a雨花忠魂:雨花英烈系列纪实文学@Ayu hua zhong hun :yu hua ying lie xi lie ji shi wen xue |
| 330 | @a本书重点描述了共产党创建时期的曲折和艰难,以恽代英为代表的一批知识青年,在通往真理的道路上不断探索,勇敢前行,其中包括毛泽东、肖楚女、林育南等一大批青年学子在这一时期的思路历程和生动实践,揭示了探索真理的艰辛。 | |
| 461 | 0 | @12001 @a雨花忠魂:雨花英烈系列纪实文学 |
| 517 | 1 | @a恽代英烈士传@Ayun dai ying lie shi chuan |
| 606 | 0 | @a纪实文学@Aji shi wen xue@y中国@z当代 |
| 690 | @aI253.8@v5 | |
| 701 | 0 | @a徐良文@Axu liang wen@4著 |
| 701 | 0 | @a于扬子@Ayu yang zi@4著 |
| 801 | 0 | @aCN@b百万庄@c20211007 |
| 905 | @b1306129-132@dI253.8@e1198@f4 | |
| 落英祭:恽代英烈士传/徐良文, 于扬子著.-南京:江苏凤凰文艺出版社,2016(2019.8重印) |
| 187页;21cm.-(雨花忠魂:雨花英烈系列纪实文学) |
| ISBN 978-7-5399-9136-8:CNY35.00 |
| 本书重点描述了共产党创建时期的曲折和艰难,以恽代英为代表的一批知识青年,在通往真理的道路上不断探索,勇敢前行,其中包括毛泽东、肖楚女、林育南等一大批青年学子在这一时期的思路历程和生动实践,揭示了探索真理的艰辛。 |
| ● |
| 相关链接 |
|
|
|
|
正题名:落英祭
索取号:I253.8/1198
 
预约/预借
| 序号 | 登录号 | 条形码 | 馆藏地/架位号 | 状态 | 备注 |
| 1 | 1306129 | 213061292 | 第一样本阅览室/ [索取号:I253.8/1198] | 在馆 | |
| 2 | 1306130 | 213061309 | 第二借阅区/ [索取号:I253.8/1198] | 在馆 | |
| 3 | 1306131 | 213061318 | 第二借阅区/ [索取号:I253.8/1198] | 在馆 | |
| 4 | 1306132 | 213061327 | 第二借阅区/ [索取号:I253.8/1198] | 在馆 |